000 00351pam a2200157a 44500
008 230515b1999 xxu||||| |||| 00| 0 eng d
020 _aNULL
041 _aENG
082 _a610.73
100 _aRamsey Bronk
245 _aHuman Metabolissm
250 _aNULL
260 _aNULL
_b"Addison Wesley, nd, 0"
_c1999
300 _a392
650 _aN.D.
999 _c524189
_d524189